000 00608nam a2200169 a 4500
001 000030991
005 20200930062632.0
008 110609s1944 dr ab 000 0 spa d
040 _aDO-SdBNP
_bspa
_cBNPHU
110 _aRepública Dominicana.
_bDirección General de Estadística
_932043
245 0 _aRepública Dominicana :
_balbúm estadístico gráfico.
260 _aCiudad Trujillo, República Dominicana, :
_bDirección General de Estadística,
_c1944.
300 _a[82 p.] :
_bil., map. ;
_c23 cm.
490 1 _aEstadística Dominicanas
830 0 _aEstadística Dominicanas
_938255
049 _aBNPD
999 _c30483
_d30483